[Event "AUTO-INT-1194"]
[Site "http://www.queenalice.com/game.php?id=535795"]
[Date "2009.2.5"]
[Round "1"]
[White "AndreMS"]
[Black "dhiratsuka"]
[Result "1-0"]
[WhiteElo "1510"]
[BlackElo "1524"]

1. e4 d5 2. exd5 Qxd5 3. Nc3 Qe5+ 4. Be2 Nf6 5. d4 Qf5 6. Bd3 Qe6+ 7. Qe2 Ng4 8.
Qxe6 Bxe6 9. f3 Nf6 10. Bg5 Nc6 11. Bxf6 exf6 12. Nb5 O-O-O 13. Ne2 a6 14. Na3
Bd5 15. c4 Nb4 16. Kd2 b5 17. cxd5 Rxd5 18. Nc2 c5 19. Nxb4 cxb4 20. b3 h5 21.
g3 Bd6 22. Rac1+ Kd7 23. h4 g5 24. Rc2 a5 25. g4 hxg4 26. fxg4 gxh4 27. Ke3 h3
28. Nf4 Rg5 29. Nxh3 Rxg4 30. Bxb5+ Ke7 31. Re2 Rg3+ 32. Ke4 Rh4+ 33. Kf5+ Kf8
34. Kxf6 Rg6+ 35. Kf5 Rh5+ 36. Ke4 f5+ 37. Kd3 Rg3+ 38. Kc4 Rc3+ 39. Kd5 Rh6 40.
Nf2 Rxh1 41. Nxh1 Kf7 42. Kxd6 Kf6 43. Re6+ Kg5 44. Ke5 Re3+ 45. Kd5 Rh3 46. Nf2
Rh2 47. Ne4+ fxe4 48. Rxe4 Rxa2 49. Ba4 Rh2 50. Ke5 Rh5 51. Kd5 Kf6+ 52. Kc6 Rh6
53. Kb5 Rh5+ 54. Re5 Rxe5+ 55. dxe5+ Kxe5 56. Kxa5 Kd5 57. Kxb4 Kd6 58. Kb5 Kc7
59. Ka6 Kb8 60. Kb6 Ka8 61. b4 Kb8 62. Bc6 Kc8 63. Ka7 Kc7 64. b5 Kc8 65. b6 Kd8
66. Kb7 Ke7 67. Kc7 Ke6 68. b7 Ke7 69. b8=Q Ke6 70. Qb5 Ke7 71. Qe5+ Kf7 72. Kd7
Kg6 73. Ke7 Kh7 74. Kf6 Kh8 75. Kg6+ Kg8 76. Qe8# 1-0

[Event "AUTO-INT-1194"]
[Site "http://www.queenalice.com/game.php?id=535802"]
[Date "2009.2.5"]
[Round "1"]
[White "Vinicius_Albuquerque"]
[Black "AndreMS"]
[Result "1-0"]
[WhiteElo "1560"]
[BlackElo "1475"]

1. d4 d5 2. c4 dxc4 3. Nc3 Nf6 4. e3 Be6 5. Bxc4 Bxc4 6. Qa4+ c6 7. Qxc4 b5 8.
Qb3 e6 9. Nf3 Bd6 10. Bd2 O-O 11. O-O a5 12. a3 a4 13. Qc2 Nbd7 14. Rac1 h6 15.
Ne2 g5 16. Qxc6 Qb6 17. Qxb6 Nxb6 18. Rc6 Nc8 19. Nc3 Rb8 20. Rc1 Rb6 21. Ne2
Rxc6 22. Rxc6 Kg7 23. Nc3 b4 24. axb4 Bxb4 25. Nxa4 Bxd2 26. Nxd2 Kg6 27. b4 Ne7
28. Rc1 Rb8 29. Rb1 Ned5 30. b5 Ra8 31. Nc5 Nc3 32. Rb2 Ra1+ 33. Nf1 Nfd5 34. g3
Na4 35. Rb3 Nab6 36. Kg2 Ra5 37. Nd2 Nc7 38. Nde4 Rxb5 39. Rxb5 Nxb5 40. h3 f5
41. Nd2 Kf6 42. Kf3 f4 43. Nde4+ Kf5 44. g4+ 1-0

[Event "AUTO-INT-1194"]
[Site "http://www.queenalice.com/game.php?id=535803"]
[Date "2009.2.5"]
[Round "1"]
[White "AndreMS"]
[Black "Vinicius_Albuquerque"]
[Result "0-1"]
[WhiteElo "1512"]
[BlackElo "1765"]

1. e4 c5 2. Nf3 d6 3. Bb5+ Bd7 4. Bxd7+ Nxd7 5. d3 Ngf6 6. Bg5 e6 7. O-O h6 8.
Bxf6 Qxf6 9. Nc3 Be7 10. Nb5 O-O 11. c3 Rfc8 12. c4 a6 13. Nc3 Ne5 14. a3 Nxf3+
15. Qxf3 Qxf3 16. gxf3 Bf6 17. Rac1 Rab8 18. f4 b5 19. cxb5 axb5 20. f3 b4 21.
axb4 Rxb4 22. Rf2 Rcb8 23. Nd1 Bd4 24. Ra1 Bxf2+ 25. Nxf2 Rxb2 26. Kg2 R8b3 27.
Kg3 d5 28. e5 c4 29. dxc4 dxc4 30. Kg4 Rxf2 31. h4 Rfxf3 32. Rc1 Rg3+ 33. Kh5
Kh7 0-1

[Event "AUTO-INT-1197"]
[Site "http://www.queenalice.com/game.php?id=536974"]
[Date "2009.2.8"]
[Round "1"]
[White "AndreMS"]
[Black "Rogertodyy"]
[Result "1-0"]
[WhiteElo "1500"]
[BlackElo "1409"]

1. e4 e5 2. Nf3 Nc6 3. Bb5 Nd4 4. Nxd4 exd4 5. c3 dxc3 6. Nxc3 Qg5 7. O-O Bc5 8.
Nd5 Qe5 9. d3 Bd6 10. Bf4 Qe6 11. Bxd6 Qxd6 12. Qg4 Qe5 13. f4 Qd4+ 14. Rf2 g6
15. Nxc7+ Kd8 16. Nxa8 Qxd3 17. Bxd3 d6 18. f5 1-0

[Event "AUTO-INT-1197"]
[Site "http://www.queenalice.com/game.php?id=536976"]
[Date "2009.2.8"]
[Round "1"]
[White "AndreMS"]
[Black "jmsteinfeld"]
[Result "0-1"]
[WhiteElo "1538"]
[BlackElo "1710"]

1. e4 e5 2. Nf3 d6 3. Nc3 Bg4 4. h3 Bxf3 5. Qxf3 c6 6. Bc4 Qf6 7. Qxf6 Nxf6 8.
d3 a6 9. Bg5 Be7 10. O-O-O h6 11. Bxf6 Bxf6 12. g3 O-O 13. f4 exf4 14. gxf4 Bxc3
15. bxc3 b5 16. Bb3 a5 17. a4 b4 18. cxb4 axb4 19. d4 Nd7 20. d5 c5 21. Kb2 Rfe8
22. Rde1 Nb6 23. c3 Nxa4+ 24. Bxa4 Rxa4 25. cxb4 Rxb4+ 26. Kc3 Rbxe4 27. Rxe4
Rxe4 28. Rb1 Rxf4 29. Rb6 Rf6 30. h4 g5 31. hxg5 hxg5 32. Rb1 Kg7 33. Kb3 Rf4
34. Rg1 Kg6 35. Re1 g4 36. Re8 Kf5 37. Rd8 Ke5 38. Kc3 Kxd5 39. Kd3 Rf1 40. Rg8
f5 41. Rg5 c4+ 42. Kc3 Rf3+ 43. Kd2 Kd4 44. Ke2 c3 45. Kd1 Kd3 46. Kc1 Rf1# 0-1

[Event "AUTO-INT-1197"]
[Site "http://www.queenalice.com/game.php?id=536977"]
[Date "2009.2.8"]
[Round "1"]
[White "jmsteinfeld"]
[Black "AndreMS"]
[Result "1-0"]
[WhiteElo "1753"]
[BlackElo "1506"]

1. e4 e5 2. Nf3 d6 3. Bc4 Bg4 4. h3 Bxf3 5. Qxf3 Nf6 6. d3 h6 7. Nc3 Nc6 8. Nd5
Be7 9. Be3 O-O 10. Nxf6+ Bxf6 11. O-O Nb4 12. Bb3 a5 13. a3 Nc6 14. Bd5 Ne7 15.
b4 axb4 16. axb4 Nxd5 17. exd5 c6 18. dxc6 bxc6 19. Qxc6 Rc8 20. Qa4 e4 21. Rad1
Ra8 22. Qb3 exd3 23. Qxd3 Qc7 24. Qxd6 Qxc2 25. Rc1 Qe4 26. Qf4 Qxf4 27. Bxf4 g5
28. Bh2 Rfc8 29. b5 Rxc1 30. Rxc1 Bd8 31. Rb1 Bb6 32. Kf1 Kg7 33. f4 Bc7 34. b6
Bxf4 35. Bxf4 gxf4 36. b7 Rb8 37. Kf2 Kg6 38. g3 fxg3+ 39. Kxg3 Kg5 40. Rb5+ f5
41. h4+ Kf6 42. Kf4 Ke6 43. Rb6+ Kd7 44. Kxf5 Kc7 45. Rb3 Rxb7 46. Rxb7+ Kxb7
47. Kg6 Kc7 48. Kxh6 Kd7 49. Kg7 1-0

[Event "AUTO-INT-1197"]
[Site "http://www.queenalice.com/game.php?id=536978"]
[Date "2009.2.8"]
[Round "1"]
[White "AndreMS"]
[Black "MysteriousWays"]
[Result "1-0"]
[WhiteElo "1567"]
[BlackElo "1514"]

1. e4 e5 2. Nf3 d6 3. Nc3 Bg4 4. h3 Bxf3 5. Qxf3 Nf6 6. Bc4 Nc6 7. d3 Nd4 8. Qd1
a6 9. Be3 b5 10. Bxd4 exd4 11. Nd5 bxc4 12. Nxf6+ Qxf6 13. dxc4 c5 14. O-O d3
15. Qxd3 Qxb2 16. Rfd1 h6 17. e5 O-O-O 18. Qf5+ Rd7 19. exd6 Bxd6 20. Rxd6 Qxa1+
21. Kh2 Rd8 22. Qxc5+ Rc7 23. Rxd8+ Kxd8 24. Qf8+ Kd7 25. Qxf7+ Kc8 26. Qe6+ Kb7
27. Qd5+ Rc6 28. Qd7+ Kb6 29. Qd8+ Rc7 30. Qd6+ Rc6 31. c5+ Kb5 32. c4+ Kxc4 33.
Qxc6 Qe5+ 34. g3 Qxc5 35. Qxa6+ Kd4 36. Qg6 Qe5 37. a4 Kc4 38. a5 Qxa5 39. Qxg7
Qb6 40. Kg2 Qc6+ 41. f3 Kd3 42. Qe5 Qc2+ 43. Kf1 Qd1+ 44. Kg2 Qd2+ 45. Kh1 Qf2
46. Qd6+ Ke2 47. Qe5+ Kf1 48. Qa1+ Ke2 49. Qg1 Qxf3+ 50. Qg2+ Ke3 51. Qxf3+ Kxf3
52. Kh2 h5 53. h4 Kg4 54. Kg2 Kf5 55. Kf3 Kg6 56. Kf4 Kh6 57. Kf5 1-0

[Event "AUTO-INT-1197"]
[Site "http://www.queenalice.com/game.php?id=536979"]
[Date "2009.2.8"]
[Round "1"]
[White "MysteriousWays"]
[Black "AndreMS"]
[Result "1-0"]
[WhiteElo "1505"]
[BlackElo "1581"]

1. e4 e5 2. Qh5 d6 3. d3 Nf6 4. Qd1 Nc6 5. Bg5 h6 6. Bxf6 Qxf6 7. Qf3 Qxf3 8.
Nxf3 Bg4 9. h3 Bxf3 10. gxf3 O-O-O 11. a3 g5 12. Nd2 d5 13. exd5 Rxd5 14. Ne4
Nd4 15. Kd1 Nxf3 16. Nf6 Rd8 17. Bg2 Be7 18. Ng4 Nh4 19. Rg1 f6 20. Be4 f5 21.
Bxf5+ Nxf5 22. Nxe5 Rhf8 23. Ng6 Rf6 24. Ne5 Bc5 25. Ng4 Ne7 26. Nxf6 Bxf2 27.
Rf1 Bd4 28. Ne4 Bxb2 29. Rb1 Bxa3 30. Ra1 Bd6 31. Rxa7 Nc6 32. Ra4 Ne5 33. Nf6
Kb8 34. Kd2 Rf8 35. Rfa1 c6 36. Ne4 Nf3+ 37. Ke3 Kc7 38. Rf1 Ne5 39. Rxf8 Bxf8
40. Ra8 Nd7 41. Nf6 Nxf6 42. Rxf8 Nd5+ 43. Kd2 h5 44. Rf5 g4 45. hxg4 hxg4 46.
Rg5 b5 47. Rxg4 c5 48. Rg5 Kd6 49. c4 bxc4 50. dxc4 Nb6 51. Rg6+ Kc7 52. Kc3
Nxc4 53. Kxc4 Kd7 54. Kxc5 Ke7 55. Kd5 Kf7 56. Re6 Kg7 57. Ke5 Kf7 58. Kd6 Kg7
59. Ke7 Kg8 60. Rf6 Kg7 61. Ke6 Kg8 62. Rg6+ Kf8 63. Rg5 Ke8 64. Rg8# 1-0

[Event "AUTO-INT-1213"]
[Site "http://www.queenalice.com/game.php?id=543908"]
[Date "2009.2.21"]
[Round "1"]
[White "AndreMS"]
[Black "JBLOKO"]
[Result "0-1"]
[WhiteElo "1527"]
[BlackElo "1613"]

1. e4 Nf6 2. e5 Ne4 3. f3 Nc5 4. d4 Ne6 5. Bc4 Nc6 6. Bxe6 dxe6 7. Bf4 g6 8. c4
Nxd4 9. Ne2 Nc6 10. Qxd8+ Nxd8 11. Nbc3 Nc6 12. a3 b6 13. Nb5 Rb8 14. O-O-O Bg7
15. Nxc7+ Kf8 16. Rd2 f6 17. exf6 Bxf6 18. Nxe6+ Bxe6 19. Bxb8 Nxb8 20. Rd8+ Kg7
21. Rxh8 Kxh8 22. b3 Nc6 23. Rd1 Kg7 24. g4 Be5 25. h3 Bd6 26. b4 Bxc4 27. Kd2
Ne5 28. f4 Nf7 29. Rc1 Bb5 30. Nd4 Bxf4+ 0-1

[Event "AUTO-INT-1213"]
[Site "http://www.queenalice.com/game.php?id=543909"]
[Date "2009.2.21"]
[Round "1"]
[White "JBLOKO"]
[Black "AndreMS"]
[Result "1-0"]
[WhiteElo "1563"]
[BlackElo "1562"]

1. e4 e5 2. Bc4 Nf6 3. Nc3 Bb4 4. Nf3 d6 5. a3 Bxc3 6. dxc3 Nxe4 7. Qd5 Be6 8.
Qxe4 d5 9. Qxe5 dxc4 10. Qxg7 Ke7 11. Bg5+ 1-0

[Event "AUTO-INT-1213"]
[Site "http://www.queenalice.com/game.php?id=543910"]
[Date "2009.2.21"]
[Round "1"]
[White "AndreMS"]
[Black "rdononato"]
[Result "0-1"]
[WhiteElo "1512"]
[BlackElo "1891"]

1. e4 d5 2. exd5 Qxd5 3. Nc3 Qd8 4. Bc4 Nf6 5. d3 e6 6. Bg5 Nbd7 7. Ne4 Be7 8.
Nf3 Nxe4 9. Bxe7 Nxf2 10. Bxd8 Nxd1 11. Rxd1 Kxd8 12. O-O h6 13. Bb5 a6 14. Bxd7
Bxd7 15. Ne5 Rf8 16. Ng6 Rg8 17. Rxf7 Be8 18. Rf8 Rxf8 19. Nxf8 Ke7 20. Rf1 Bf7
21. Nh7 Rh8 22. Ng5 hxg5 23. Rf3 Bh5 24. Re3 Rf8 25. h3 c6 26. g4 Be8 27. c4 Rf4
28. b4 Bg6 29. Kg2 Rd4 30. a3 Rxd3 31. Rxd3 Bxd3 32. c5 Kf6 33. Kf3 g6 34. Ke3
Bf1 35. Kf3 Bxh3 36. Kg3 Bf1 37. Kf3 Ke5 38. Ke3 Kd5 39. Kf2 Bb5 40. Ke3 e5 41.
Kf3 Kd4 42. Kg3 e4 43. Kf2 e3+ 44. Ke1 Ke4 45. a4 Bxa4 46. Ke2 Bb5+ 47. Ke1 Kf3
48. Kd1 Kf2 0-1

[Event "AUTO-INT-1213"]
[Site "http://www.queenalice.com/game.php?id=543911"]
[Date "2009.2.21"]
[Round "1"]
[White "rdononato"]
[Black "AndreMS"]
[Result "1-0"]
[WhiteElo "1754"]
[BlackElo "1546"]

1. Nf3 d5 2. g3 Bg4 3. Bg2 Bxf3 4. Bxf3 e5 5. d3 Nc6 6. c3 Nf6 7. Nd2 a5 8. a3
Bc5 9. O-O e4 10. dxe4 dxe4 11. Nxe4 Nxe4 12. Qxd8+ Rxd8 13. Bxe4 O-O 14. Bf4
Bd6 15. Be3 Rfe8 16. Bg2 Re6 17. Rad1 h6 18. Rd2 Be7 19. Rxd8+ Bxd8 20. Rd1 Re5
21. Bxc6 bxc6 22. Rxd8+ Kh7 23. Rd7 Rb5 24. b4 axb4 25. cxb4 f5 26. Rxc7 Rd5 27.
Bc5 Rd2 28. e3 Ra2 29. Ra7 Kg6 30. a4 Kh5 31. a5 Kg4 32. Kg2 g5 33. a6 h5 34.
h3# 1-0

[Event "AUTO-INT-1213"]
[Site "http://www.queenalice.com/game.php?id=543912"]
[Date "2009.2.21"]
[Round "1"]
[White "AndreMS"]
[Black "Carlos3000"]
[Result "0-1"]
[WhiteElo "1507"]
[BlackElo "1588"]

1. e4 e5 2. Nf3 d6 3. Nc3 Nf6 4. Bc4 h6 5. O-O Na6 6. Bxa6 bxa6 7. h3 Nh5 8.
Nxe5 dxe5 9. Qxh5 Qf6 10. Nd5 Qd6 11. d3 Be6 12. c4 Bxd5 13. cxd5 g6 14. Qf3 h5
15. Bg5 Rb8 16. Qf6 Qxf6 17. Bxf6 Rg8 18. Bxe5 Bd6 19. Bxd6 cxd6 20. b3 Rc8 21.
Rac1 Rxc1 22. Rxc1 Kf8 23. Rc8+ Kg7 24. Rxg8+ Kxg8 25. g4 h4 26. f4 Kg7 27. g5
f6 0-1

[Event "AUTO-INT-1094"]
[Site "http://www.queenalice.com/game.php?id=552555"]
[Date "2009.3.8"]
[Round "2"]
[White "Prosperidade"]
[Black "AndreMS"]
[Result "0-1"]
[WhiteElo "1533"]
[BlackElo "1494"]

1. d4 d5 2. c4 dxc4 3. Nc3 e6 4. a3 Nf6 5. e4 c6 6. Bxc4 b5 7. Be2 h6 8. Nf3 g5
9. e5 Nd5 10. O-O Nxc3 11. bxc3 Bg7 12. h3 O-O 13. Bd3 a5 14. Bc2 a4 15. Qd3 f5
16. exf6 Rxf6 0-1

[Event "AUTO-INT-1094"]
[Site "http://www.queenalice.com/game.php?id=552556"]
[Date "2009.3.8"]
[Round "2"]
[White "AndreMS"]
[Black "Prosperidade"]
[Result "1-0"]
[WhiteElo "1512"]
[BlackElo "1515"]

1. e4 e5 2. Nf3 d6 3. Nc3 a6 4. b3 c5 5. Bc4 Be7 6. O-O Nf6 7. Ng5 O-O 8. Bb2
Nbd7 9. a4 h6 10. Nf3 Nb6 11. d3 Bg4 12. h3 Bxf3 13. Qxf3 Rb8 14. Nd5 Nbxd5 15.
Bxd5 Nxd5 16. exd5 a5 17. c4 1-0

[Event "AUTO-INT-1094"]
[Site "http://www.queenalice.com/game.php?id=552559"]
[Date "2009.3.8"]
[Round "2"]
[White "AndreMS"]
[Black "jeancarlo1910"]
[Result "0-1"]
[WhiteElo "1494"]
[BlackElo "1648"]

1. e4 e5 2. Nf3 Nc6 3. Bb5 d6 4. Bxc6+ bxc6 5. b3 Ba6 6. Bb2 Nf6 7. d3 Be7 8. h3
Nh5 9. Nxe5 dxe5 10. Qxh5 Bf6 11. O-O Qd6 12. c4 c5 13. Qd1 Bc8 14. g4 Bh4 0-1

[Event "AUTO-INT-1094"]
[Site "http://www.queenalice.com/game.php?id=552560"]
[Date "2009.3.8"]
[Round "2"]
[White "jeancarlo1910"]
[Black "AndreMS"]
[Result "1-0"]
[WhiteElo "1658"]
[BlackElo "1484"]

1. e4 e5 2. Nf3 d6 3. Bc4 f6 4. d3 b6 5. Be3 Bg4 6. h3 Bxf3 7. gxf3 a6 8. c3 b5
9. Bd5 c6 10. Be6 d5 11. exd5 cxd5 12. Nd2 d4 13. cxd4 exd4 14. Bf4 1-0

[Event "AUTO-INT-1146"]
[Site "http://www.queenalice.com/game.php?id=559408"]
[Date "2009.3.21"]
[Round "2"]
[White "Matuto_do_Vale"]
[Black "AndreMS"]
[Result "1-0"]
[WhiteElo "1766"]
[BlackElo "1505"]

1. b3 e5 2. Bb2 Nc6 3. e3 a6 4. f4 f6 5. a3 exf4 6. exf4 d6 7. h3 b5 8. Nf3 Bb7
9. Qe2+ Qe7 10. Qxe7+ Ngxe7 11. Bd3 O-O-O 12. O-O g6 13. c4 Bg7 14. cxb5 axb5
15. Bxb5 Nf5 16. Bxc6 Bxc6 17. a4 Rhe8 18. Na3 Bxf3 19. Rxf3 Re2 20. Bc3 d5 21.
Nb5 Nh4 22. Rf2 Rde8 23. Nd4 Rxf2 24. Kxf2 f5 25. a5 c5 26. Nb5 Bxc3 27. dxc3
Kd7 28. a6 Ra8 29. g3 Kc6 30. Na3 Rxa6 31. gxh4 h5 32. Ke3 c4 33. bxc4 1-0

[Event "AUTO-INT-1146"]
[Site "http://www.queenalice.com/game.php?id=559409"]
[Date "2009.3.21"]
[Round "2"]
[White "AndreMS"]
[Black "Matuto_do_Vale"]
[Result "0-1"]
[WhiteElo "1499"]
[BlackElo "1772"]

1. e4 c5 2. Nf3 d6 3. Nc3 e5 4. Bc4 h6 5. O-O Bg4 6. h3 Bh5 7. g4 Bg6 8. Bd5 Qb6
9. Na4 Qc7 10. d3 Nf6 11. Bc4 a6 12. Nc3 b5 13. Bb3 Be7 14. Be3 O-O 15. a4 b4
16. Ne2 c4 17. Bxc4 a5 18. b3 Nbd7 19. c3 d5 20. exd5 e4 21. dxe4 Bxe4 22. Nfd4
Bxd5 23. cxb4 axb4 24. Nb5 Qe5 25. Bxd5 Nxd5 26. f4 Qxe3+ 27. Rf2 N5f6 28. g5
Ne4 29. Qe1 Nxf2 30. Qxf2 Qxf2+ 0-1

[Event "AUTO-INT-1146"]
[Site "http://www.queenalice.com/game.php?id=559412"]
[Date "2009.3.21"]
[Round "2"]
[White "lobispito"]
[Black "AndreMS"]
[Result "1-0"]
[WhiteElo "1661"]
[BlackElo "1517"]

1. e4 e5 2. Qh5 d6 3. Bb5+ Bd7 4. Bc4 Qe7 5. d3 Nf6 6. Bg5 g6 7. Qf3 b5 8. Bxf6
Bg4 9. Qxg4 Qxf6 10. Qc8+ Qd8 11. Qb7 Nd7 12. Bb3 Nc5 13. Qxb5+ Qd7 14. Qxd7+
Nxd7 15. Nf3 c5 16. Ng5 f6 17. Ne6 Rc8 18. Na3 g5 19. Nb5 a6 20. Nbc7+ Ke7 21.
Nxa6 Rc6 22. Nac7 Bh6 23. Ba4 Ra6 24. Nxa6 Ra8 25. Nec7 1-0

[Event "AUTO-INT-1146"]
[Site "http://www.queenalice.com/game.php?id=559413"]
[Date "2009.3.21"]
[Round "2"]
[White "AndreMS"]
[Black "lobispito"]
[Result "0-1"]
[WhiteElo "1528"]
[BlackElo "1650"]

1. e4 e5 2. Nf3 Nc6 3. Bb5 Nf6 4. d3 Ng4 5. h3 Nf6 6. Bxc6 dxc6 7. Bg5 Bb4+ 8.
c3 Be7 9. Nxe5 h6 10. Qb3 O-O 11. O-O hxg5 12. c4 Qd6 13. Nf3 g4 14. hxg4 Nxg4
15. d4 Qg6 16. Nbd2 Bd6 17. e5 Be7 18. Nh2 Nxh2 19. Kxh2 Qh6+ 20. Kg1 Qxd2 21.
Rad1 Qg5 22. f4 Qg6 23. f5 Qg5 24. c5 b6 25. Rf3 bxc5 0-1

[Event "AUTO-INT-1146"]
[Site "http://www.queenalice.com/game.php?id=559416"]
[Date "2009.3.21"]
[Round "2"]
[White "AndreMS"]
[Black "Poirot"]
[Result "0-1"]
[WhiteElo "1514"]
[BlackElo "1799"]

1. e4 e5 2. Nf3 Nc6 3. Bb5 a6 4. Bxc6 dxc6 5. d3 Bd6 6. Nc3 Nf6 7. O-O O-O 8.
Bg5 Bg4 9. h3 Bh5 10. g4 Bg6 11. Nh4 Be7 12. Nxg6 fxg6 13. a3 h6 14. Bxf6 Rxf6
15. f3 h5 16. g5 Rf4 17. Ne2 Rh4 18. f4 exf4 19. Nxf4 Bxg5 20. Ne6 Be3+ 21. Kg2
Qd7 22. Qe1 g5 23. Qxe3 Qxe6 24. Rh1 Rf8 25. Qxg5 Rhf4 26. Raf1 R4f6 27. Rxf6
Rxf6 28. Qxh5 Rg6+ 29. Kf1 Rf6+ 30. Ke1 Qa2 31. Rf1 Rxf1+ 0-1

[Event "AUTO-INT-1146"]
[Site "http://www.queenalice.com/game.php?id=559417"]
[Date "2009.3.21"]
[Round "2"]
[White "Poirot"]
[Black "AndreMS"]
[Result "1-0"]
[WhiteElo "1804"]
[BlackElo "1509"]

1. e4 e5 2. Nf3 d6 3. Nc3 a6 4. Bc4 Nf6 5. Ng5 Be6 6. Bxe6 fxe6 7. Nxe6 Qd7 8.
Nxf8 Rxf8 9. d4 exd4 10. Qxd4 Nc6 11. Qd3 Nb4 12. Qd2 O-O-O 13. O-O Qe6 14. Re1
h6 15. h3 Nc6 16. Qe3 Nb4 17. Re2 Rde8 18. a3 Nc6 19. b4 Nxe4 20. Nxe4 Qxe4 21.
Qxe4 Rxe4 22. Rxe4 a5 23. bxa5 Nxa5 24. Bd2 Nc6 25. a4 b6 26. a5 bxa5 27. Bxa5
Nxa5 28. Rxa5 Kd7 29. c4 c5 30. Ra7+ Kc6 31. Rxg7 Rd8 32. Rh7 1-0